00209nam a2200085Ia 450000100070000000500170000700800410002424500360006526000220010171529520250826162921.0250824s9999 xx 000 0 und d 0aSİS KELEBEKLERİcNAZLI ERAY bEVEREST YAYINLARI